| 000 | 01768nam0a2200337 i 4500 | ||
|---|---|---|---|
| 001 | RU\NLR\BIBL_A\011291787 | ||
| 005 | 20260405094329.0 | ||
| 010 |
_a9785798203628 _9150 |
||
| 021 |
_aRU _b2016-90644 _95974 |
||
| 035 | _a(NLR Aleph) 011291787 | ||
| 090 |
_a10926038 _c10926038 |
||
| 100 | _a20161213d2016 u y0rusy50 ca | ||
| 101 | 0 | _arus | |
| 102 | _aRU | ||
| 105 | _aa z 000zy | ||
| 200 | 1 |
_aТипы бифуркации сонных артерий и особенности их диагностики. Виды хирургических реконструкций сонных артерий _fИ. И. Скопин, Н. А. Дарвиш, А. А. Малинин _gНауч. центр сердечно-сосудистой хирургии им. А. Н. Бакулева МЗ РФ |
|
| 210 |
_aМосква _cФГБУ "НЦССХ им. А. Н. Бакулева" МЗ РФ _d2016 |
||
| 215 |
_a31, [1] c. _cил. _d20 |
||
| 320 | _aБиблиогр.: с. 31-32 (15 назв.) | ||
| 517 | 1 | _aВиды хирургических реконструкций сонных артерий | |
| 606 | 1 |
_aСонные артерии _xАтеросклероз _xЛучевая диагностика _92275491 _3RU\NLR\AUTH\6601592244 |
|
| 606 |
_aСонные артерии _xСтеноз _xХирургическое лечение _92471152 _3RU\NLR\AUTH\661467672 |
||
| 686 | 1 | _aР627.704.1-43 | |
| 686 | 1 | _aР636.770.3-59 | |
| 700 | 1 |
_aСкопин _bИ. И. _gИван Иванович |
|
| 701 | 1 |
_8rus _7ca _aДарвиш _bН. А. _gНидал Ахмедович _3RU\NLR\AUTH\7735054 _918053 |
|
| 701 | 1 |
_aМалинин _bА.А. _gАлександр Александрович |
|
| 942 | _cBOOK | ||
| 980 | _aNBR | ||